000 00591nam a2200181Ia 4500
001 20368
005 20260306172801.0
008 260306t2013||||xx |||||||||||||| ||spa||
041 _aESP
082 _a343.2
_bT81
100 _aTribunal Constitucional de Perú
_eAUT
245 0 _aEl acceso individual a la justicia constitucional en América Latina:
_b(ponencias presentadas en la conferencia internacional celebrada durante los días 29,30 y 31 de mayo de 2013 en Arequipa - Perú)
260 _c2013
300 _a
_c
650 _aGEN
654 _aCDE
942 _cLIB
_dJUS
_fJUS
_2ddc
_n
999 _c20368
_d20368